Unbecoming citizens : (Record no. 52363)

MARC details
000 -LEADER
fixed length control field 01016nam a22002057a 4500
005 - DATE AND TIME OF LATEST TRANSACTION
control field 20110511143050.0
010 ## - LCCN (DPL NO)
LC control number B-425599
020 ## - INTERNATIONAL STANDARD BOOK NUMBER
International Standard Book Number 0195670604
Terms of availability 325.00
020 ## - INTERNATIONAL STANDARD BOOK NUMBER
International Standard Book Number 9780195670608
Terms of availability 325.00
035 ## - SYSTEM CONTROL NUMBER
System control number B-425599
037 ## - SOURCE OF ACQUISITION
Source of stock number/acquisition RBC/VEN
100 ## - MAIN ENTRY--PERSONAL NAME
Personal name Hutt, Michael
245 ## - TITLE STATEMENT
Title Unbecoming citizens :
Remainder of title culture, nationhood, and the flight of refugees from Bhutan /
Statement of responsibility, etc Michael Hutt
260 ## - PUBLICATION, DISTRIBUTION, ETC. (IMPRINT)
Place of publication, distribution, etc New Delhi
Name of publisher, distributor, etc Oxford University Press
Date of publication, distribution, etc 2007
300 ## - PHYSICAL DESCRIPTION
Extent xix, 308 p. ;
Other physical details ill. (some col.), maps ;
Dimensions 22 cm.(pbk)
500 ## - GENERAL NOTE
General note Includes bibliographical references and index
942 ## - ADDED ENTRY ELEMENTS (KOHA)
Source of classification or shelving scheme Dewey Decimal Classification
Item type English Books
Call number suffix HUT
Classification part 352.21095462
Holdings
Withdrawn status Lost status Not for loan Collection code Home library Current library Date acquired Source of acquisition Cost, normal purchase price Full call number Barcode Copy number Cost, replacement price Koha item type
      Non-fiction Central Library Central Library 16/05/2011 RBC/22493/23.3.11/76/4.3.11/25.3.11 325.00 352.21095462 HUT B-425599 1 325.00 English Books

© Delhi Public Library
Hit Counter
free hit counter